Cities of Ukraine - Sudden Death - Statistics

General Stats
  • This quiz has been taken 134 times
  • The average score is 8 of 10
Answers on the Grid
Answers color-coded by a green-red scale on the quiz's grid according to % correct below.
Kyiv
Lviv
Dnipro
Kharkiv
Zaporizhzhia
Rivne
Chernivtsi
Donetsk
Odessa
Ismayil
Moscow
Pskov
Smolensk
Kursk
Rostov-On-Don
Balti
San Antonio
Lahore
Dundee
Chystinivtsi
 
Answer Stats
Answer % Correct
Capital Kyiv
99%
Big City Lviv
93%
Big City Donetsk
91%
Big City Kharkiv
90%
Big City Odessa
90%
Big City Dnipro
84%
Big City Zaporizhzhia
71%
Big City Chernivtsi
55%
Big City Rivne
53%
Big City Ismayil
25%
No matching quizzes found
Score Distribution
Percent of People with Each Score
Percentile by Number Answered
Your Score History
You have not taken this quiz